00000000nam##2200000za#4500
0019.522926
003CaOODSP
00520200325164725
007ta
008150406|1993||||xxc|||||     f|0| 0 eng|d
040 |aCaOODSP|beng
041 |aeng
041 |afre
043 |an-cn---
0861 |aYX4-1993/38
1101 |aCanada.|bStatutes.
24510|aTelecommunications Act : |b(An Act respecting telecommunications.)
260 |bStatutes |cBill C-62 assented to 23rd June, 1993.
300 |a47p. ; |c27 cm.
4901 |aStatutes of Canada 1993|vChapter 38
546 |aBilingual
563 |aSoftcover
590 |a93-28|b1993-07-16
69007|aLegislation|2gcpds
69007|aTelecommunications|2gcpds
792 |tLoi sur les télécommunications : |efre|w(CaOODSP)9.522927
830#0|aStatutes of Canada 1993 ;|vChapter 38|w(CaOODSP)9.509750